00253nam a22001097a 4500020001800000082001500018100001100033245002400044260004700068300000800115650002000123 a9783374042333 a266.4 MAT  aMattew aTo All the Nations  aGenevabthe Lutheran world Fedrationc2015 a195 aGospel- Matthew